| 000 | 01875nam a2200469Ii 4500 | ||
|---|---|---|---|
| 001 | DIGUNIMAG0085 | ||
| 003 | NyNyDIG | ||
| 008 | 220422s2020 ck a ob 000 0 spa d | ||
| 006 | m o d | ||
| 007 | cr ||||||||||| | ||
| 035 | _a(OCoLC)1265085882 | ||
| 040 |
_aDGITA _beng _erda _epn _cDGITA |
||
| 020 |
_a9789587463453 _qeBook _qePub |
||
| 020 |
_a9789587463439 _qeBook _qepdf |
||
| 020 | _z9789587463446 | ||
| 050 | 1 | 4 | _aHG3701 ebook |
| 082 | 0 | 4 | _a332.77 |
| 100 | 1 |
_aEscorcia Subiroz, Jorge Nerandy, _eauthor. |
|
| 245 | 1 | 3 |
_aLa factura cambiaria : _bacercamiento teorico-practico / _cJorge Nerandy Escorcia Subiroz. |
| 250 | _aPrimera edición. | ||
| 264 | 1 |
_aSanta Martha, D.T.C.H., Colombia : _bEdiciones Unimagdalena, _c[2020]. |
|
| 300 |
_a1 online resource : _billustrations. |
||
| 336 |
_atext _btxt _2rdacontent |
||
| 336 |
_astill image _2rdacontent |
||
| 337 |
_acomputer _bc _2rdamedia |
||
| 338 |
_aonline resource _bcr _2rdacarrier |
||
| 347 |
_atext file _2rdaft |
||
| 347 | _bEPUB | ||
| 490 | 1 | _aColección Ciencias sociales. Serie Derecho y ciencias políticas | |
| 504 | _aIncludes bibliographical references. | ||
| 588 | 0 | _aOnline resource; title from ePub title page (Digitalia, viewed Abril 22, 2022) | |
| 650 | 0 | _aBills of exchange. | |
| 650 | 0 | _aSecurities. | |
| 655 | 0 | _aElectronic books. | |
| 776 | 0 | 8 |
_iPrint version: _aEscorcia Subiroz, Jorge Nerandy. _tFactura cambiaria. _bPrimera edición. _dSanta Martha, D.T.C.H., Colombia : Ediciones Unimagdalena, noviembre 2020 _z9789587463446 |
| 791 | 2 |
_aDigitalia (Firm), _edistributor. |
|
| 793 | 0 |
_gDigitalia eBook Collection: _aEdiciones Unimagdalena |
|
| 830 | 0 | _aColección Derecho y ciencias políticas (Editorial Unimagdalena) | |
| 856 | 4 | 0 |
_3Digitalia Hispánica _uhttps://www.digitaliapublishing.com/a/102619/ |
| 910 | _aPremium collection: 2022 | ||
| 942 | _cRAA | ||
| 999 |
_c269027 _d269027 |
||